| 000 | 00633nam a2200205Ia 4500 | ||
|---|---|---|---|
| 005 | 20250508163840.0 | ||
| 008 | 008 250505s9999 xx 000 0 eng d | ||
| 037 | _aReference | ||
| 040 |
_aFEDL _beng _cFEDL |
||
| 041 |
_aeng _2eng |
||
| 084 |
_a370, PEC/RR _qFEDL |
||
| 100 |
_aPeck Bryan T _9776536 |
||
| 245 | 0 | _aChallenge and change in education: The experience of the baltic states in the 1990's | |
| 260 |
_aNew York, USA _bNova Science Publishers, Inc. _c2000 |
||
| 300 | _axvi,226p. | ||
| 365 |
_aUSD _b69 |
||
| 700 |
_a Mays Annabelle _9776537 |
||
| 942 |
_cREF _h370, PEC/RR |
||
| 999 |
_c1385591 _d1385591 |
||